Finančná gramotnosť spotrebiteľa na poistnom trhu

Finančné vzdelávanie spotrebiteľov. Finančná gramotnosť na poistnom trhu. Výsledky dotazníkového prieskumu finančnej gramotnosti spotrebiteľa na poistnom trhu. Na zvýšenie finančnej gramotnosti autorky odporúčajú aktivizáciu starších občanov, zvyšovanie úrovne finančného vzdelávania na školách a naj...

Description complète

Enregistré dans:
Détails bibliographiques
Auteur principal: Majtánová, Anna
Autres auteurs: Bláhová, Mária
Format: Chapitre de livre
Langue:slovaque
Sujets:
Tags: Ajouter un tag
Pas de tags, Soyez le premier à ajouter un tag!

MARC

LEADER 00000nla a2200000 4500
001 0227199
005 20240502073738.5
041 0 |a slo 
044 |a SK 
245 1 0 |a Finančná gramotnosť spotrebiteľa na poistnom trhu  |c Anna Majtánová, Mária Bláhová 
520 |a Finančné vzdelávanie spotrebiteľov. Finančná gramotnosť na poistnom trhu. Výsledky dotazníkového prieskumu finančnej gramotnosti spotrebiteľa na poistnom trhu. Na zvýšenie finančnej gramotnosti autorky odporúčajú aktivizáciu starších občanov, zvyšovanie úrovne finančného vzdelávania na školách a najmä dostupnosť kvalitného finančného poradenstva pre klientov. 
610 2 0 |a vzdelávanie 
610 2 0 |a spotrebitelia 
610 2 0 |a gramotnosť finančná 
610 2 0 |a trh poistný 
610 2 0 |a dotazníky 
100 1 |a Majtánová, Anna 
700 1 |a Bláhová, Mária